000
00290nam a2200121 a 4500
008
101210s1989|||| d
100
1
_a
Polívka, B.
245
1
0
_a
Predbežný portrét
260
_b
Československý spisovateľ
_a
Praha
_c
1989
020
_c
35
041
_a
ces
044
_a
CZ
999
_c
15111
_d
15111